| 000 | 00359pab a2200133 454500 | ||
|---|---|---|---|
| 008 | 180718b1986 xxu||||| |||| 00| 0 eng d | ||
| 100 | _aMcGinley, Michale | ||
| 245 | _aPay negotiations in the public service, 1976-86 | ||
| 260 | _c1986 | ||
| 300 | _a470-504 | ||
| 650 | _aPersonnel, Public - Pay Plans | ||
| 773 | _aAdministration (Ireland) | ||
| 909 | _a14902 | ||
| 999 |
_c14902 _d14902 |
||